000 00379nam a2200181Ia 4500
003 IT-RoPAU
008 120407s9999 xx 000 0 und d
040 _aIT-RoPAU
040 _cIT-RoPAU
100 _aW. Kopp
245 _aAntichità private dei romani
250 _aMilano
260 _aHoepli
300 _c cm
490 _v1
700 _aN. Moreschi
942 _cBK
999 _c6802
_d6802